000 00367nam a2200133Ia 4500
008 220217s9999||||xx |||||||||||||| ||und||
020 _a978-81-7722-304-0
082 _a005.133 MCG
100 _aMcgrath, Mike
245 0 _aC programming in easy steps
260 _aDream tech publications
_bNew Delhi
_c2009
300 _b119
650 _aPROGRAMMING LANGUAGE
999 _c180115
_d180115